000 00472nam a22001817a 4500
005 20170221141304.0
008 170221b xxu||||| |||| 00| 0 eng d
020 _a9781610913645
040 _cPK-LaUMT
082 _a307.1216
_bELL-G
100 _aEllin , Nan
245 _aGood urbanism:
_bsix steps to creating prosperous places/
_cNan Ellin
260 _aLondon:
_bIsland press,
_c2013
300 _a164 p.
546 _aEN
650 _aCity planning
942 _cBK
999 _c91096
_d91096